00468nam a2200121Ia 4500008004100000024005300041082001600094100007200110245007900182260002500261600002700286650003300313250506s9999 xx 000 0 und d a11B-80-EL, 11B-81-EL, 11B-94-EL & 11B-136-EL a658.072 ABD aAbdul Basit Ameen, Muhammad Essam Ismail, Salik Rasheed & Taha Asif 0aWater Distribution management System with Real Time Monitoring Through PLC aKarachi:bUIT,c2011 aElectronic Engineering aBachelor of Engineering (BE)